<?xml version="1.0" encoding="UTF-8"?>
<collection xmlns="http://www.loc.gov/MARC21/slim">
  <record>
    <leader>00000nam  2200000   4500</leader>
    <controlfield tag="001">INLIS000000000020188</controlfield>
    <controlfield tag="005">20250526112159</controlfield>
    <datafield tag="035" ind1="#" ind2="#">
      <subfield code="a">0010-0525000271</subfield>
    </datafield>
    <controlfield tag="007">ta</controlfield>
    <controlfield tag="008">250526################|##########|#|##</controlfield>
    <datafield tag="084" ind1="#" ind2="#">
      <subfield code="a">R 0117 PKN II 2024</subfield>
    </datafield>
    <datafield tag="100" ind1=" " ind2="#">
      <subfield code="a">Andika Saputra</subfield>
    </datafield>
    <datafield tag="245" ind1="1" ind2="#">
      <subfield code="a">Strategi Pengembangan Sentra Industri Kecil Dan Menengah Olahan Hasil Laut Melalui Penyediaan Raw Material Centre Terpadu Di Kota Pangkal Pinang /</subfield>
      <subfield code="c">Andika Saputra</subfield>
    </datafield>
    <datafield tag="250" ind1="#" ind2="#">
      <subfield code="a">1</subfield>
    </datafield>
    <datafield tag="260" ind1="#" ind2="#">
      <subfield code="a">Jakarta :</subfield>
      <subfield code="b">Pusbangkom Pimnas,</subfield>
      <subfield code="c">2024</subfield>
    </datafield>
    <datafield tag="300" ind1="#" ind2="#">
      <subfield code="a">100 :</subfield>
      <subfield code="b">ilus ;</subfield>
      <subfield code="c">29 x 21 x 1</subfield>
    </datafield>
    <datafield tag="650" ind1="#" ind2="4">
      <subfield code="a">Pengembangan raw material</subfield>
    </datafield>
    <datafield tag="520" ind1="#" ind2="#">
      <subfield code="a">Proyek perubahan ini bertujuan untuk mengembangkan Sentra Industri Kecil dan menengah olahan hasil&#13;
laut di Kota Pangkalpinang melalui penyediaan raw material centre terpadu. Strategi yang diterapkan&#13;
meliputi: (1) pembentukan raw material centre terpadu; (2) program pendampingan IKM; (3)&#13;
pembangunan sentra industri modern; dan (4) sertifikasi produk dan penguatan branding.&#13;
Proyek ini diproyeksikan memberikan manfaat ekonomis, seperti peningkatan pendapatan IKM,&#13;
penciptaan lapangan kerja baru, peningkatan pendapatan pajak daerah, dan peningkatan daya saing&#13;
Kota Pangkalpinang. Penerima manfaat proyek ini meliputi IKM olahan hasil laut, masyarakat,&#13;
pemerintah, dan investor.&#13;
Ruang lingkup proyek meliputi penyediaan raw material centre terpadu, program pendampingan IKM,&#13;
pembangunan sentra industri modern, serta sertifikasi produk dan penguatan branding.</subfield>
    </datafield>
    <datafield tag="856" ind1="#" ind2="#">
      <subfield code="a">Perpustakaan Pusat LAN</subfield>
    </datafield>
    <datafield tag="990" ind1="#" ind2="#">
      <subfield code="a">2024/1.2,2/A/0117</subfield>
    </datafield>
  </record>
</collection>
